000 00415nam a2200169 a 4500
001 4580
003 CO-ViMGA
008 141112s2004 ck r 000 u spa d
040 _aCO-ViMGA
_bspa
_cCO-ViMGA
082 0 4 _a813.54 B712p
100 1 _aBradbury, Ray
245 1 0 _aEl paĆ­s de octubre
260 _aMexico :
_bMinotauro,
_c1994
300 _a287 p
650 1 4 _aNOVELA ESTADOUNIDENSE
_9761
942 _2ddc
_cBK
999 _c16590
_d16590